000 00652nam a2200217Ii 4500
003 JO-AjNU
008 230606s9999||||xx |||||||||||||| ||und||
020 _a0-415-08778-3
040 _aJO-AjNU
_beng
_erda
_cJO-AjNU
041 _aeng
050 1 4 _aHF5635.N62 1992
100 3 _aNobes,Christopher,
_eauthor
_93327
245 0 0 _aIntroduction to Financial Accounting
250 _a3 ed
264 3 1 _aLondon,New York : Routledge,1992
300 _a231p
_b Includes appendix indexes(p206-231)
336 _atext
_btxt
_2rdacontent
337 _aunmediated
_bn
_2rdamedia
338 _avolume
_bnc
_2rdacarrier
650 4 _aFinancial Accounting
_93328
999 _aE1739
_c1739
_d1739